000 01139cam a2200277 a 4500
001 1525174
003 NUST - PNEC
005 20170116181122.0
008 901115s1991 enka 001 0 eng
010 _a 90024724
020 _a0077074122 :
_c£19.95
040 _aDLC
_cLIBRARY
_dDLC
050 0 0 _aTJ216
_b.G64 1991
082 0 0 _a629.83 GOL
_220
100 1 _aGolten, Jack.
245 1 0 _aControl system design and simulation /
_cJack Golten and Andy Verwer.
260 _aLondon ;
_aNew York :
_bMcGraw-Hill,
_cc1991.
300 _axiii, 388 p. :
_bill. ;
_c25 cm. +
_e1 computer disk (5 1/4 in.)
500 _aSystem requirements for computer disk (CODAS, version 1.2): IBM-compatible machines; 512K; MS-DOS; graphics adaptor (such as Hercules, CGA, EGA, VGA, and others).
500 _aIncludes index.
650 0 _aFeedback control systems
_xDesign and construction
_xMIS
700 1 _aVerwer, Andy.
906 _a7
_bcbc
_corignew
_d1
_eocip
_f19
_gy-gencatlg
942 _2ddc
_cBK
999 _c69607
_d69607